[Event "SWE-chT 1617"]
[Site "Sweden"]
[Date "2017.03.04"]
[Round "6.5"]
[White "Larsson, Anders"]
[Black "Mardell, Jimmy"]
[Result "1/2-1/2"]
[WhiteElo "2266"]
[BlackElo "2146"]
[PlyCount "90"]
[EventDate "2016.10.14"]
[EventType "team-tourn"]
[EventRounds "9"]
[EventCountry "SWE"]
[SourceTitle "CBM 177 Extra"]
[Source "ChessBase"]
[SourceDate "2017.04.27"]
[SourceVersion "1"]
[SourceVersionDate "2017.04.27"]
[SourceQuality "1"]
[WhiteTeam "Kungstornet"]
[BlackTeam "Umea Rockaden"]
[WhiteTeamCountry "SWE"]
[BlackTeamCountry "SWE"]

1. e4 c5 2. Nf3 d6 3. Bb5+ Bd7 4. a4 e6 5. 0-0 Nf6 6. Re1 a6 7. Bf1 Nc6 8. c3 Be7 9. d4 cxd4 10. cxd4 0-0 11. Nc3 Rc8 12. Bg5 Qa5 13. d5 Ne5 14. Nxe5 dxe5 15. d6 Bd8 16. Qd3 Bc6 17. Bd2 Qc5 18. b4 Qxb4 19. Nb5 Bxb5 20. axb5 Qxb5 21. Qxb5 axb5 22. Bb4 Bb6 23. Bxb5 Bc5 24. Bxc5 Rxc5 25. Rab1 Rd8 26. d7 Kf8 27. f3 Ke7 28. Ba4 Rc7 29. Rec1 Rxc1+ 30. Rxc1 Nxd7 31. Rc7 b6 32. Rb7 Kd6 33. Bxd7 Rxd7 34. Rxb6+ Kc5 35. Ra6 h5 36. h4 Kb5 37. Ra8 g6 38. Kf2 Kc5 39. Ra5+ Kd6 40. Ra6+ Kc5 41. Ra5+ Kd4 42. Ra4+ Kc3 43. Ra5 f6 44. Ra6 Re7 45. Ke3 Kc4 1/2-1/2

[Event "SWE-chT 1617"]
[Site "Sweden"]
[Date "2016.10.15"]
[Round "2.3"]
[White "Nilsson, Sebastian"]
[Black "Mardell, Jimmy"]
[Result "1-0"]
[WhiteElo "2312"]
[BlackElo "2146"]
[PlyCount "51"]
[EventDate "2016.10.14"]
[EventType "team-tourn"]
[EventRounds "9"]
[EventCountry "SWE"]
[SourceTitle "EXT 2017"]
[Source "ChessBase"]
[SourceDate "2016.10.25"]
[SourceVersion "1"]
[SourceVersionDate "2016.10.25"]
[SourceQuality "1"]
[WhiteTeam "Lunds"]
[BlackTeam "Umea Rockaden"]
[WhiteTeamCountry "SWE"]
[BlackTeamCountry "SWE"]

1. e4 c5 2. Nf3 d6 3. d4 cxd4 4. Nxd4 Nf6 5. Nc3 g6 6. Be3 Bg7 7. f3 0-0 8. Qd2 Nc6 9. Bc4 Bd7 10. 0-0-0 Rb8 11. Kb1 b5 12. Ndxb5 Qa5 13. Nd4 Rfc8 14. Bb3 Ne5 15. g4 Nc4 16. Bxc4 Rxc4 17. Nb3 Qd8 18. Bxa7 Rb7 19. Bd4 Be6 20. g5 Nd7 21. Bxg7 Kxg7 22. h4 Nc5 23. h5 Na4 24. Nxa4 Rxa4 25. hxg6 fxg6 26. Qc3+ 1-0

[Event "SWE-chT 1617"]
[Site "Sweden"]
[Date "2016.10.14"]
[Round "1.2"]
[White "Johansson, Linus"]
[Black "Mardell, Jimmy"]
[Result "1-0"]
[WhiteElo "2399"]
[BlackElo "2146"]
[PlyCount "91"]
[EventDate "2016.10.14"]
[EventType "team-tourn"]
[EventRounds "9"]
[EventCountry "SWE"]
[SourceTitle "EXT 2017"]
[Source "ChessBase"]
[SourceDate "2016.10.25"]
[SourceVersion "1"]
[SourceVersionDate "2016.10.25"]
[SourceQuality "1"]
[WhiteTeam "Limhamn"]
[BlackTeam "Umea Rockaden"]
[WhiteTeamCountry "SWE"]
[BlackTeamCountry "SWE"]

1. c4 Nf6 2. Nf3 c5 3. g3 d5 4. Bg2 Nc6 5. 0-0 e5 6. cxd5 Nxd5 7. Nc3 Nc7 8. d3 Be7 9. Be3 0-0 10. Qa4 Bd7 11. Rfc1 b6 12. Nd2 Nd4 13. Qd1 Rc8 14. Nc4 f6 15. Bxd4 cxd4 16. Nd5 Be6 17. Nxc7 Rxc7 18. a3 Qd7 19. Rc2 Rfc8 20. Rac1 Qb5 21. Nd2 Qa4 22. Bb7 Qxc2 23. Rxc2 Rxc2 24. Bxc8 Rxc8 25. Kg2 b5 26. f3 h6 27. h4 a5 28. a4 bxa4 29. Qxa4 Bb4 30. Nc4 Bxc4 31. dxc4 Kh8 32. Qb5 Kh7 33. b3 Kh8 34. Qb7 Rc5 35. Kh3 Kh7 36. h5 f5 37. Qd7 f4 38. Qe8 fxg3 39. Kxg3 Bc3 40. Kg4 Bb4 41. Kf5 Ba3 42. Ke6 Bb4 43. Qd7 Ba3 44. Qb7 a4 45. Kf7 Ra5 46. b4 1-0

[Event "Helsingor Xtracon op"]
[Site "Helsingor"]
[Date "2016.07.25"]
[Round "4"]
[White "Smeby, Ole"]
[Black "Mardell, Jimmy"]
[Result "0-1"]
[WhiteElo "1847"]
[BlackElo "2112"]
[PlyCount "68"]
[EventDate "2016.07.23"]
[EventType "swiss"]
[EventRounds "10"]
[EventCountry "DEN"]
[SourceTitle "CBM 173 Extra"]
[Source "ChessBase"]
[SourceDate "2016.08.29"]
[SourceVersion "1"]
[SourceVersionDate "2016.08.29"]
[SourceQuality "1"]

1. d4 Nf6 2. Nf3 e6 3. c4 c5 4. d5 exd5 5. cxd5 d6 6. Nc3 g6 7. Nd2 Bg7 8. e4 0-0 9. Bd3 Re8 10. 0-0 a6 11. a4 Nbd7 12. f4 Nh5 13. Nf3 Qc7 14. Re1 c4 15. Bf1 Nc5 16. Qc2 Nb3 17. Ra3 Nxc1 18. Qxc1 Bg4 19. Nd1 Rac8 20. h3 Bxf3 21. Rxf3 f5 22. Nc3 Qc5+ 23. Kh1 fxe4 24. Rxe4 Rxe4 25. Nxe4 Qxd5 26. Nd2 b5 27. axb5 axb5 28. b3 c3 29. Rd3 Ng3+ 30. Kh2 Nxf1+ 31. Qxf1 Qxd3 32. Qxd3 c2 33. Nc4 c1Q 34. Qd5+ Kh8 0-1

[Event "SWE-chT 1516 Superettan"]
[Site "Sweden"]
[Date "2016.01.17"]
[Round "6"]
[White "Hanoman, Tony"]
[Black "Mardell, Jimmy"]
[Result "0-1"]
[WhiteElo "2004"]
[BlackElo "2114"]
[PlyCount "94"]
[EventDate "2015.11.06"]
[EventType "team-tourn"]
[EventRounds "9"]
[EventCountry "SWE"]
[SourceTitle "EXT 2018"]
[Source "ChessBase"]
[SourceDate "2017.10.13"]
[SourceVersion "1"]
[SourceVersionDate "2017.10.13"]
[SourceQuality "1"]
[WhiteTeam "Stockholm Rockaden II"]
[BlackTeam "Umea Rockaden"]
[WhiteTeamCountry "SWE"]
[BlackTeamCountry "SWE"]

1. e4 c5 2. Nf3 d6 3. d4 cxd4 4. Nxd4 Nf6 5. Nc3 g6 6. Be2 Bg7 7. Nb3 Nc6 8. 0-0 0-0 9. Bg5 Be6 10. Kh1 Rc8 11. f4 a6 12. Bf3 Qc7 13. Nd5 Bxd5 14. exd5 Na5 15. Nxa5 Qxa5 16. c3 Qb5 17. Qd2 Rc5 18. Rad1 Qc4 19. Rfe1 Re8 20. a3 Qb3 21. Bxf6 Bxf6 22. Re4 Qb6 23. Rb4 Qc7 24. Qd3 Rc8 25. Bg4 Rb8 26. Re4 b5 27. Bf3 Qb6 28. h3 Rbc8 29. Qe2 Rc4 30. g4 Rxe4 31. Bxe4 Kf8 32. g5 Bg7 33. f5 Be5 34. fxg6 hxg6 35. Rf1 Kg7 36. Qf3 Rf8 37. Qg4 Qe3 38. Kg2 a5 39. h4 b4 40. axb4 axb4 41. cxb4 Rb8 42. Qf3 Qxf3+ 43. Rxf3 Rxb4 44. Re3 Rxb2+ 45. Kh3 Rh2+ 46. Kg4 f5+ 47. gxf6+ exf6 0-1

[Event "SWE-chT 1516 Superettan"]
[Site "Sweden"]
[Date "2015.11.08"]
[Round "3"]
[White "Bjarnehag, Peter"]
[Black "Mardell, Jimmy"]
[Result "1-0"]
[WhiteElo "2118"]
[BlackElo "2114"]
[PlyCount "33"]
[EventDate "2015.11.06"]
[EventType "team-tourn"]
[EventRounds "9"]
[EventCountry "SWE"]
[SourceTitle "EXT 2018"]
[Source "ChessBase"]
[SourceDate "2017.10.13"]
[SourceVersion "1"]
[SourceVersionDate "2017.10.13"]
[SourceQuality "1"]
[WhiteTeam "Solna"]
[BlackTeam "Umea Rockaden"]
[WhiteTeamCountry "SWE"]
[BlackTeamCountry "SWE"]

1. c4 c5 2. Nc3 Nf6 3. e4 Nc6 4. Nf3 d6 5. d4 cxd4 6. Nxd4 Nxd4 7. Qxd4 g6 8. Be3 Bg7 9. f3 0-0 10. Qd2 Nd7 11. Be2 Qa5 12. Nd5 Qxd2+ 13. Kxd2 Nb6 14. Nxe7+ Kh8 15. Rab1 Na4 16. Kc2 Re8 17. Nd5 1-0

[Event "Deltalift op"]
[Site "Tylosand"]
[Date "2015.05.14"]
[Round "2"]
[White "Berg, Emanuel"]
[Black "Mardell, Jimmy"]
[Result "1-0"]
[WhiteElo "2553"]
[BlackElo "2145"]
[PlyCount "51"]
[EventDate "2015.05.14"]
[EventType "swiss"]
[EventRounds "8"]
[EventCountry "SWE"]
[SourceTitle "CBM 166 Extra"]
[Source "ChessBase"]
[SourceDate "2015.06.18"]
[SourceVersion "1"]
[SourceVersionDate "2015.06.18"]
[SourceQuality "1"]

1. e4 c5 2. Nf3 d6 3. d4 cxd4 4. Nxd4 Nf6 5. Nc3 g6 6. Be3 Bg7 7. f3 0-0 8. Qd2 Nc6 9. g4 Be6 10. Nxe6 fxe6 11. 0-0-0 Ne5 12. Be2 Rc8 13. Nb5 d5 14. g5 Ne8 15. f4 Nc4 16. Bxc4 Rxc4 17. e5 a6 18. Nd4 Qc8 19. h4 h5 20. gxh6 Bxh6 21. Rdg1 Kh7 22. h5 gxh5 23. Rxh5 Ng7 24. Rxh6+ Kxh6 25. Qh2+ Nh5 26. f5+ 1-0

[Event "SWE-chT 1415 Superettan"]
[Site "Sweden"]
[Date "2015.03.20"]
[Round "7"]
[White "Moren, Bjorn"]
[Black "Mardell, Jimmy"]
[Result "1-0"]
[WhiteElo "2090"]
[BlackElo "2141"]
[PlyCount "95"]
[EventDate "2014.11.21"]
[EventType "team-tourn"]
[EventRounds "9"]
[EventCountry "SWE"]
[SourceTitle "EXT 2018"]
[Source "ChessBase"]
[SourceDate "2017.10.13"]
[SourceVersion "1"]
[SourceVersionDate "2017.10.13"]
[SourceQuality "1"]
[WhiteTeam "Vaxjo"]
[BlackTeam "Umea Rockaden"]
[WhiteTeamCountry "SWE"]
[BlackTeamCountry "SWE"]

1. e4 c5 2. Nc3 Nc6 3. g3 g6 4. Bg2 Bg7 5. d3 d6 6. f4 e6 7. Nf3 Nge7 8. 0-0 Nd4 9. Be3 Nec6 10. a4 Nxf3+ 11. Qxf3 Nd4 12. Qf2 0-0 13. Nd1 Nc6 14. e5 Qd7 15. exd6 b6 16. a5 Rb8 17. Nc3 Nxa5 18. Ne4 Nc6 19. c3 Bb7 20. Rfe1 f5 21. Nxc5 bxc5 22. Bxc5 a6 23. d4 Rfe8 24. b4 Nd8 25. Bxb7 Qxb7 26. Qa2 Ra8 27. Qc4 Qd7 28. Rxa6 Rxa6 29. Qxa6 Nb7 30. Qb6 Nxc5 31. bxc5 g5 32. Ra1 gxf4 33. Ra7 Qd8 34. Qxd8 Rxd8 35. c6 Rxd6 36. c7 Rc6 37. Ra8+ Kf7 38. c8Q Rxc8 39. Rxc8 fxg3 40. hxg3 e5 41. Rc7+ Kg6 42. d5 e4 43. Rc6+ Kf7 44. c4 Be5 45. Kg2 Bd4 46. Rc7+ Kg6 47. d6 Be5 48. c5 1-0

[Event "SWE-chT 1415 Superettan"]
[Site "Sweden"]
[Date "2015.01.16"]
[Round "6"]
[White "Mardell, Jimmy"]
[Black "Backman, Michael"]
[Result "0-1"]
[WhiteElo "2141"]
[BlackElo "2028"]
[PlyCount "104"]
[EventDate "2014.11.21"]
[EventType "team-tourn"]
[EventRounds "9"]
[EventCountry "SWE"]
[SourceTitle "EXT 2018"]
[Source "ChessBase"]
[SourceDate "2017.10.13"]
[SourceVersion "1"]
[SourceVersionDate "2017.10.13"]
[SourceQuality "1"]
[WhiteTeam "Umea Rockaden"]
[BlackTeam "Stockholm Rockaden II"]
[WhiteTeamCountry "SWE"]
[BlackTeamCountry "SWE"]

1. e4 c5 2. Nf3 d6 3. d4 cxd4 4. Nxd4 Nf6 5. Nc3 a6 6. Bg5 e6 7. f4 Nc6 8. Qd2 Be7 9. 0-0-0 Bd7 10. Be2 Qb6 11. Nxc6 bxc6 12. e5 d5 13. exf6 gxf6 14. Bh4 0-0 15. Bd3 Rfb8 16. b3 a5 17. Na4 Qc7 18. f5 e5 19. Qh6 Qd6 20. Kb1 Rb4 21. Ka1 Rxa4 22. bxa4 Qb4 23. Be1 Qd4+ 24. c3 Qxa4 25. Rb1 e4 26. Qf4 Bb4 27. Be2 Bc5 28. Bd2 d4 29. Rb8+ Rxb8 30. Qxb8+ Kg7 31. Qg3+ Kf8 32. Bh6+ Ke7 33. Bd2 e3 34. Bd1 Qa3 35. Re1 Bd6 36. Qg4 Be5 37. cxd4 exd2 38. Rxe5+ fxe5 39. Qg5+ Ke8 40. Qxd2 exd4 41. g4 c5 42. Bb3 Bb5 43. Qf4 Kd7 44. f6 Kc6 45. Qd2 c4 46. Bd1 Qe3 47. Qg2+ Kc5 48. Kb1 c3 49. a3 Bd3+ 50. Bc2 Qe1+ 51. Ka2 Bc4+ 52. Bb3 Qd2+ 0-1